[Event "Avoine op 23rd"]
[Site "Avoine"]
[Date "2008.07.26"]
[Round "8"]
[White "Serve, Emmanuel"]
[Black "Hartereau, Philippe"]
[Result "1-0"]
[WhiteElo "2017"]
[BlackElo "2245"]
[PlyCount "77"]
[EventDate "2008.07.19"]
[EventType "swiss"]
[EventRounds "9"]
[EventCountry "FRA"]
[SourceTitle "CBM 125 Extra"]
[Source "ChessBase"]
[SourceDate "2008.09.01"]
[SourceVersion "1"]
[SourceVersionDate "2008.09.01"]
[SourceQuality "1"]

1. e4 c5 2. Nc3 d6 3. g3 Nc6 4. Bg2 g6 5. d3 Bg7 6. Nh3 e5 7. 0-0 Nge7 8. f4 0-0 9. f5 gxf5 10. Qh5 f6 11. exf5 Qe8 12. Qxe8 Rxe8 13. Nb5 Rd8 14. g4 Nd4 15. Nxd4 cxd4 16. c4 Rb8 17. a4 h5 18. gxh5 Bxf5 19. h6 Bh8 20. Rf3 Kf7 21. Nf2 Rg8 22. Rg3 Ke6 23. Bd2 b6 24. Kf1 Rxg3 25. hxg3 Rg8 26. g4 Bg6 27. b4 f5 28. a5 fxg4 29. axb6 axb6 30. Ra6 Rb8 31. Ke2 g3 32. Ne4 Bh5+ 33. Ke1 Bf6 34. c5 Be8 35. Bh3+ Kf7 36. Nxd6+ Kg6 37. Nxe8 Rxe8 38. Rxb6 Ra8 39. Bg2 1-0

[Event "Avoine op 23rd"]
[Site "Avoine"]
[Date "2008.07.19"]
[Round "1"]
[White "Tirard, Hugo"]
[Black "Serve, Emmanuel"]
[Result "1-0"]
[WhiteElo "2469"]
[BlackElo "2017"]
[PlyCount "69"]
[EventDate "2008.07.19"]
[EventType "swiss"]
[EventRounds "9"]
[EventCountry "FRA"]
[SourceTitle "CBM 125 Extra"]
[Source "ChessBase"]
[SourceDate "2008.09.01"]
[SourceVersion "1"]
[SourceVersionDate "2008.09.01"]
[SourceQuality "1"]

1. e4 Nf6 2. e5 Nd5 3. Nc3 Nxc3 4. bxc3 d6 5. f4 g6 6. d4 Bg7 7. Nf3 Bg4 8. h3 Bd7 9. Bc4 b5 10. Bxf7+ Kxf7 11. e6+ Kg8 12. exd7 Qxd7 13. 0-0 Nc6 14. Qe2 Rb8 15. Rb1 a6 16. Re1 e6 17. Qxe6+ Qxe6 18. Rxe6 Kf7 19. Ng5+ Kf8 20. Re3 Nd8 21. Ba3 h6 22. Ne4 b4 23. Rxb4 Rxb4 24. Bxb4 Nc6 25. Ba3 Kf7 26. Re1 Rb8 27. Nd2 Rb5 28. Nc4 d5 29. Ne5+ Nxe5 30. fxe5 Ra5 31. e6+ Ke8 32. Bb4 Rxa2 33. Rf1 Rb2 34. Bc5 Rxc2 35. Rb1 1-0

[Event "Avoine op 22nd"]
[Site "Avoine"]
[Date "2007.07.26"]
[Round "6"]
[White "Serve, Emmanuel"]
[Black "Charrais, Kevin"]
[Result "1-0"]
[WhiteElo "2009"]
[BlackElo "1802"]
[PlyCount "53"]
[EventDate "2007.07.21"]
[EventType "swiss"]
[EventRounds "9"]
[EventCountry "FRA"]
[SourceTitle "EXT 2010"]
[Source "ChessBase"]
[SourceDate "2010.11.25"]
[SourceVersion "1"]
[SourceVersionDate "2010.11.25"]
[SourceQuality "1"]

1. e4 e5 2. Nf3 Nc6 3. Nc3 Nf6 4. Bb5 Bc5 5. 0-0 d6 6. d4 exd4 7. Nxd4 Bxd4 8. Qxd4 Bd7 9. Qd1 Ne5 10. Bxd7+ Qxd7 11. Bg5 h6 12. Bxf6 gxf6 13. Nd5 0-0-0 14. f4 Nc6 15. Nxf6 Qe6 16. Qg4 Rde8 17. Rae1 Nb4 18. Re2 h5 19. Qxe6+ Rxe6 20. e5 Rh6 21. Ne4 dxe5 22. Ng5 Rc6 23. c3 Nd3 24. fxe5 Rc5 25. Nxf7 Re6 26. Rd1 Re7 27. e6 1-0

[Event "FRA-ch Accession"]
[Site "Besancon"]
[Date "2006.08.25"]
[Round "10"]
[White "Serve, Emmanuel"]
[Black "Faure, Stephane"]
[Result "1-0"]
[WhiteElo "1944"]
[BlackElo "2143"]
[PlyCount "61"]
[EventDate "2006.08.15"]
[EventType "swiss"]
[EventRounds "10"]
[EventCountry "FRA"]
[SourceTitle "CBM 113 Extra"]
[Source "ChessBase"]
[SourceDate "2006.09.14"]
[SourceVersion "1"]
[SourceVersionDate "2006.09.14"]
[SourceQuality "1"]

1. e4 e6 2. d4 c5 3. d5 exd5 4. exd5 d6 5. c4 Be7 6. Bd3 Nf6 7. h3 Na6 8. Nc3 0-0 9. Nge2 Nc7 10. a4 Na6 11. 0-0 Nb4 12. Bb1 a6 13. Ng3 g6 14. Qf3 Rb8 15. Re1 Re8 16. Bg5 Nd7 17. Qe2 Ne5 18. Bxe7 Rxe7 19. f4 Nec6 20. Nge4 f5 21. dxc6 bxc6 22. Nf6+ Kf7 23. Qxe7+ Qxe7 24. Rxe7+ Kxe7 25. Nxh7 d5 26. Ng5 d4 27. Nd1 Be6 28. Nxe6 Kxe6 29. Ra3 Re8 30. Kf1 Kf6 31. Nf2 1-0

[Event "Avoine op 20th"]
[Site "Avoine"]
[Date "2005.07.26"]
[Round "4"]
[White "Hortas, Igor"]
[Black "Serve, Emmanuel"]
[Result "0-1"]
[WhiteElo "2155"]
[BlackElo "1911"]
[PlyCount "93"]
[EventDate "2005.07.23"]
[EventType "swiss"]
[EventRounds "9"]
[EventCountry "FRA"]
[SourceTitle "EXT 2007"]
[Source "ChessBase"]
[SourceDate "2006.11.23"]
[SourceVersion "1"]
[SourceVersionDate "2006.11.23"]
[SourceQuality "1"]

1. Nc3 d5 2. e4 Nf6 3. e5 Nfd7 4. f4 e6 5. Nf3 c5 6. g3 Nc6 7. Bg2 a6 8. a4 b6 9. 0-0 Be7 10. d3 Bb7 11. Bd2 Qc7 12. Ne2 0-0 13. c3 b5 14. d4 Nb6 15. b3 bxa4 16. bxa4 a5 17. Kh1 Nc4 18. g4 Ba6 19. Bc1 Rab8 20. f5 cxd4 21. cxd4 Qb6 22. Nf4 Nb2 23. Qe1 Nd3 24. Nxd3 Bxd3 25. Rg1 Nxd4 26. Be3 Nxf3 27. Bxf3 Qb4 28. Bd2 Qb6 29. Bxa5 Qa6 30. Bc3 Bc5 31. Rg3 d4 32. Bd2 exf5 33. gxf5 Bxf5 34. a5 d3 35. Rc1 Qa7 36. Rg5 Bg6 37. Rg2 Bd4 38. h4 Qd7 39. Kh2 Qf5 40. Bg4 Qxe5+ 41. Kh3 h5 42. Bd7 Bf5+ 43. Bxf5 Qxf5+ 44. Kh2 Rfe8 45. Qf1 Qxf1 46. Rxf1 Rb2 47. Rf3 0-1

[Event "FRA-chT3 0405"]
[Site "France"]
[Date "2005.01.09"]
[Round "5"]
[White "Vandomel, Fabrice"]
[Black "Serve, Emmanuel"]
[Result "0-1"]
[WhiteElo "1920"]
[BlackElo "1920"]
[PlyCount "106"]
[EventDate "2004.10.10"]
[EventType "team-tourn"]
[EventRounds "9"]
[EventCountry "FRA"]
[SourceTitle "EXT 2007"]
[Source "ChessBase"]
[SourceDate "2006.11.23"]
[SourceVersion "1"]
[SourceVersionDate "2006.11.23"]
[SourceQuality "1"]

1. b3 Nf6 2. Bb2 d5 3. e3 g6 4. c4 c6 5. Nf3 Bg7 6. cxd5 cxd5 7. Bb5+ Nc6 8. Ne5 Bd7 9. Nxd7 Qxd7 10. 0-0 0-0 11. d4 Rac8 12. Nc3 a6 13. Be2 b5 14. a3 Na5 15. Na2 Qb7 16. Nb4 Nc6 17. Nd3 e6 18. a4 Nd7 19. axb5 axb5 20. Qd2 Ra8 21. Ba3 Rfc8 22. Bd6 Bf8 23. Bxf8 Rxf8 24. h4 Ne7 25. Qb4 Nf5 26. h5 f6 27. hxg6 hxg6 28. Nf4 Kf7 29. Qxb5 Qc7 30. Nxd5 Qd6 31. Nf4 Rab8 32. Qd3 Kg7 33. Ra6 Rb6 34. Rfa1 Rc8 35. Rxb6 Nxb6 36. Ra7+ Kh6 37. Rf7 Nd5 38. Nxd5 exd5 39. e4 dxe4 40. Qh3+ Kg5 41. Qg4+ Kh6 42. Qh3+ Kg5 43. Qg4+ Kh6 44. Bc4 Ra8 45. Be2 Ra1+ 46. Bd1 Ng7 47. g3 g5 48. Kg2 f5 49. Qe2 Qxd4 50. Bc2 e3 51. Qf3 g4 52. Qc6+ Kg5 53. Qc7 Qd5+ 0-1

[Event "France-ch U18"]
[Site "Reims"]
[Date "2004.04.18"]
[Round "1"]
[White "Glicenstein, Asher"]
[Black "Serve, Emmanuel"]
[Result "1-0"]
[WhiteElo "2306"]
[BlackElo "1970"]
[PlyCount "71"]
[EventDate "2004.04.??"]
[EventType "swiss"]
[EventRounds "9"]
[EventCountry "FRA"]
[SourceTitle "EXT 2005"]
[Source "ChessBase"]
[SourceDate "2004.11.15"]
[SourceVersion "1"]
[SourceVersionDate "2004.11.15"]
[SourceQuality "1"]

1. Nf3 Nf6 2. c4 c5 3. Nc3 Nc6 4. g3 g6 5. Bg2 Bg7 6. 0-0 0-0 7. d4 cxd4 8. Nxd4 a6 9. c5 Qc7 10. Na4 d6 11. cxd6 exd6 12. Nxc6 bxc6 13. Bf4 Rd8 14. Rc1 Bb7 15. Nc5 Rac8 16. Qb3 Ba8 17. Qc2 Nh5 18. Nd3 Nxf4 19. Nxf4 Qd7 20. Bh3 f5 21. e4 Rf8 22. exf5 gxf5 23. b3 Kh8 24. Qe2 Bb7 25. Rce1 Rce8 26. Qh5 Rxe1 27. Rxe1 Qf7 28. Re7 Qf6 29. Rxb7 d5 30. Qe2 d4 31. Qe7 d3 32. Qxf6 Bxf6 33. Nxd3 Bd4 34. Rd7 c5 35. Rd5 f4 36. gxf4 1-0